| 000 | 00549cac a2200169 4500 | ||
|---|---|---|---|
| 005 | 20151027144007.0 | ||
| 008 | 090212s1977 mx 000 0 spa u | ||
| 050 | 0 | 4 |
_aCD3651 _bR43 1977 |
| 245 | 0 | 3 | _aUn recorrido por los archivos y bibliotecas de nuestra ciudad. |
| 250 | _a1a ed. | ||
| 260 |
_aMéxico : _bUniversidad Iberoamericana, departamento de Historia, _c1977 |
||
| 300 |
_axiii, 46 p. ; _c1977 |
||
| 490 |
_aEscritos estudiantinos ; _v1 |
||
| 650 | 7 |
_2LEMB _aCatálogos _zMéxico |
|
| 650 | 7 |
_2LEMB _aArchivo _zMéxico |
|
| 942 |
_2lcc _cLIB |
||
| 999 |
_c61629 _d61629 |
||